New kid in school / (Record no. 2730)
[ view plain ]
| 000 -LEADER | |
|---|---|
| fixed length control field | 01618cam a22003493a 4500 |
| 005 - DATE AND TIME OF LATEST TRANSACTION | |
| control field | 20240111122626.0 |
| 020 ## - INTERNATIONAL STANDARD BOOK NUMBER | |
| International Standard Book Number | 0786845430 |
| 040 ## - CATALOGING SOURCE | |
| Original cataloging agency | CO2 |
| Transcribing agency | CO2 |
| Modifying agency | DLC |
| Language of cataloging | eng |
| 082 ## - DEWEY DECIMAL CLASSIFICATION NUMBER | |
| Classification number | 813 |
| 100 ## - MAIN ENTRY--PERSONAL NAME | |
| Personal name | Jones, Jasmine |
| 245 00 - TITLE STATEMENT | |
| Title | New kid in school / |
| Statement of responsibility, etc. | adapted by Jasmine Jones ; based on the series created by Terri Minsky. Part one is based on a teleplay written by Melissa Gould. Part two is based on a teleplay written by Douglas Tuber & Tim Maile. |
| 250 ## - EDITION STATEMENT | |
| Edition statement | First Edition |
| 260 ## - PUBLICATION, DISTRIBUTION, ETC. | |
| Place of publication, distribution, etc. | New York : |
| Name of publisher, distributor, etc. | Disney Press/Volo, |
| Date of publication, distribution, etc. | 2003 |
| 300 ## - PHYSICAL DESCRIPTION | |
| Extent | 138 pages : |
| Other physical details | illustrations ; |
| Dimensions | 20 cm |
| 490 1# - SERIES STATEMENT | |
| Series statement | Lizzie McGuire ; |
| Volume/sequential designation | Book 6 |
| 500 ## - GENERAL NOTE | |
| General note | "From the hit TV series on Disney channel"--Cover. |
| 500 ## - GENERAL NOTE | |
| General note | Based on the series created by Terri Minsky. Part one is based on a teleplay written by Melissa Gould; part two is based on a teleplay written by Nina G. Bargiel and Jeremy J. Bargiel. |
| 505 ## - FORMATTED CONTENTS NOTE | |
| Formatted contents note | N |
| 520 ## - SUMMARY, ETC. | |
| Summary, etc. | Lizzie can't believe it, her crush boy Ethan Craft actually wants to have lunch with her Not only that but he'll get to meet his new friend, a mysterious kid who just transferred from Fiji... |
| 521 ## - TARGET AUDIENCE NOTE | |
| Target audience note | 600 |
| Source | Lexile estimate |
| 521 ## - TARGET AUDIENCE NOTE | |
| Target audience note | N |
| Source | Raz-Plus |
| 650 #0 - SUBJECT ADDED ENTRY--TOPICAL TERM | |
| Topical term or geographic name entry element | Teenage girls |
| Form subdivision | Juvenile fiction. |
| 655 #7 - INDEX TERM--GENRE/FORM | |
| Genre/form data or focus term | Children's stories. |
| Source of term | lcsh |
| 655 #7 - INDEX TERM--GENRE/FORM | |
| Genre/form data or focus term | Radio and television novels. |
| Source of term | gsafd |
| 700 1# - ADDED ENTRY--PERSONAL NAME | |
| Personal name | Minsky, Terri. |
| Relator term | Series Creator |
| 700 1# - ADDED ENTRY--PERSONAL NAME | |
| Personal name | Gould, Melissa. |
| Relator term | Television writer |
| 700 1# - ADDED ENTRY--PERSONAL NAME | |
| Personal name | Bargiel, Nina G. |
| Relator term | Television writer |
| 700 1# - ADDED ENTRY--PERSONAL NAME | |
| Personal name | Bargiel, Jeremy J. |
| Relator term | Television writer |
| 906 ## - LOCAL DATA ELEMENT F, LDF (RLIN) | |
| a | 7 |
| b | cbc |
| c | copycat |
| d | 2 |
| e | ncip |
| f | 20 |
| g | y-genrareb |
| 942 ## - ADDED ENTRY ELEMENTS (KOHA) | |
| Source of classification or shelving scheme | Dewey Decimal Classification |
| Koha item type | Books |
| Suppress in OPAC | No |
| 999 ## - | |
| -- | 2730 |
| -- | 2730 |
| Withdrawn status | Lost status | Source of classification or shelving scheme | Damaged status | Not for loan | Collection | Home library | Current library | Shelving location | Date acquired | Total Checkouts | Full call number | Barcode | Date last seen | Price effective from | Koha item type |
|---|---|---|---|---|---|---|---|---|---|---|---|---|---|---|---|
| Dewey Decimal Classification | Juvenile Fiction | Footprints International School Library Network Toul Kork Campus | Footprints International School Library Network Toul Kork Campus | 01/11/2024 | JON 813 | FIS00233 | 01/11/2024 | 01/11/2024 | Books |
